| 000 | 00000nam##2200000za#4500 |
| 001 | 9.644191 |
| 003 | CaOODSP |
| 005 | 20210624224530 |
| 007 | cr ||||||||||| |
| 008 | 150407|1980||||xxc|||||o f|0| 0 fre|d |
| 040 | |aCaOODSP|bfre |
| 043 | |an-cn--- |
| 086 | 1 |aA53-1687/1980F-PDF |
| 110 | 1 |aCanada.|bAgriculture Canada. |bService de l'information. |
| 245 | 13|aLa production de grains de tournesol / |h[ressource électronique]|c[par] Walter Dedio
[et al.]. |
| 260 | |aOttawa - Ontario : |bAgriculture Canada. |cc1980. |
| 300 | |a32p.|bill. en couleur, figures |
| 500 | |aPublication historique numérisée par Agriculture et Agroalimentaire Canada. |
| 590 | |a15-02-Supp|b2015-02-16 |
| 720 | 1 |aDedio, Walter |
| 775 | 08|tSunflower seed crops / |w(CaOODSP)9.700293 |
| 856 | 40|ahttp://publications.gc.ca|qPDF|s2950 Ko|uhttps://publications.gc.ca/collections/collection_2015/aac-aafc/A53-1687-1980-fra.pdf |
| 986 | |aPublication 1687 |